ARRUPE JESUIT UNIVERSITY

CORONAVIRUS -STOP THE SPREAD - CLEAN,DISINFECT,COVER

Rediscovering the Teaching Jesus (Record no. 119151)

MARC details
000 -LEADER
fixed length control field 00352nam a22001217a 4500
008 - FIXED-LENGTH DATA ELEMENTS--GENERAL INFORMATION
fixed length control field 131210b xxu||||| |||| 00| 0 eng d
050 ## - LIBRARY OF CONGRESS CALL NUMBER
Classification number BS2415.P4 1976
100 ## - MAIN ENTRY--PERSONAL NAME
Personal name Perrin, Norman
9 (RLIN) 5377
245 ## - TITLE STATEMENT
Title Rediscovering the Teaching Jesus
Statement of responsibility, etc Norman Perrin
260 ## - PUBLICATION, DISTRIBUTION, ETC. (IMPRINT)
Place of publication, distribution, etc New York
Name of publisher, distributor, etc Harper and Row
Date of publication, distribution, etc 1976
300 ## - PHYSICAL DESCRIPTION
Extent 272p. ;
Dimensions 21cm.
942 ## - ADDED ENTRY ELEMENTS (KOHA)
Source of classification or shelving scheme Library of Congress Classification
Item type Monograph ( Printed materials)
Holdings
Withdrawn status Lost status Source of classification or shelving scheme Damaged status Not for loan Home library Current library Date acquired Total Checkouts Full call number Barcode Date last seen Date last borrowed Price effective from Koha item type
    Library of Congress Classification     ARRUPE LIBRARY ARRUPE LIBRARY 10/12/2013 1 BS2415.P4 1976 46411859 07/12/2016 31/08/2016 10/12/2013 Monograph ( Printed materials)

 

Arrupe Library. PO Box MP320 Mt Pleasant, Harare, Zimbabwe
263 242 745411|librarian@aju.ac.zw